00374nam a22001337a 450000500170000000800410001704100130005808200130007110000130008424500420009726000490013930000270018865000250021520231114085741.0231114b |||||||| |||| 00| 0 eng d aEnglish  a345 LEG  lEnglish  aA Guide To The Combating Of Rape Act  aWindhoek : bLegal Assistance Centre, c2001 b44 pages ; c30,5 cm.  aLegal practice bLaw